[Event "FICGS W-ch st1 g01 email"]
[Site "FICGS email"]
[Date "2023.07.04"]
[Round "1"]
[White "Faust, Dieter"]
[Black "Senis, Enrico"]
[Result "1/2-1/2"]
[WhiteElo "2000"]
[BlackElo "1726"]
[PlyCount "103"]
[EventDate "2023.??.??"]
[EventType "tourn (corr)"]
[EventRounds "6"]
[SourceTitle "Corr 2024"]
[Source "ChessBase"]
[SourceDate "2023.10.19"]
[SourceVersion "1"]
[SourceVersionDate "2023.10.19"]
[SourceQuality "1"]

1. d4 Nf6 2. c4 e6 3. Nc3 Bb4 4. f3 d5 5. a3 Bxc3+ 6. bxc3 c5 7. cxd5 Nxd5 8. dxc5 Qa5 9. e4 Ne7 10. Be3 0-0 11. Qb3 Qc7 12. Bb5 Nec6 13. Ne2 Na5 14. Qb4 Nbc6 15. Qa4 Bd7 16. Bxc6 Nxc6 17. Rd1 Rfd8 18. Kf2 a6 19. Qb3 Ne5 20. Rd4 Bb5 21. Rhd1 h6 22. a4 Bxe2 23. Kxe2 Qe7 24. f4 Nc6 25. Rd6 Rac8 26. Kf1 Rc7 27. g3 Re8 28. Kg2 Qf6 29. h3 Qg6 30. f5 Qf6 31. Bf4 Qe7 32. fxe6 fxe6 33. R6d3 Na5 34. Qa2 Rcc8 35. Rd7 Qxc5 36. Qe2 Nc4 37. Rxb7 Re7 38. Rxe7 Qxe7 39. Rd4 Qc5 40. Qg4 Qe7 41. Bxh6 Ne5 42. Bg5 Qf7 43. Qe2 Rxc3 44. Bf4 Nf3 45. Rc4 Ne1+ 46. Kh1 Rxc4 47. Qxc4 Qd7 48. Be3 Kh7 49. Qxa6 Nc2 50. Qe2 Qxa4 51. Bf2 Kg8 52. Kg2 1/2-1/2

[Event "FICGS W-ch st1 g02 email"]
[Site "FICGS email"]
[Date "2022.03.14"]
[Round "1"]
[White "Senis, Enrico"]
[Black "Armstrong, Keith"]
[Result "0-1"]
[WhiteElo "1741"]
[BlackElo "2080"]
[PlyCount "64"]
[EventDate "2022.??.??"]
[EventType "tourn (corr)"]
[EventRounds "6"]
[SourceTitle "Corr 2024"]
[Source "ChessBase"]
[SourceDate "2023.10.19"]
[SourceVersion "1"]
[SourceVersionDate "2023.10.19"]
[SourceQuality "1"]

1. d4 Nf6 2. Nf3 e6 3. g3 c5 4. Bg2 cxd4 5. Nxd4 d5 6. Nc3 Bb4 7. Bd2 0-0 8. 0-0 Nc6 9. Nxc6 bxc6 10. e4 Re8 11. Re1 Ba6 12. Na4 Be7 13. e5 Nd7 14. Bf4 Qa5 15. b3 Bb5 16. Bd2 Qc7 17. Nb2 Ba3 18. Rb1 Rab8 19. Bf4 Nf8 20. Be3 Bb4 21. Bd2 c5 22. c3 Ba3 23. h4 Rec8 24. h5 h6 25. Qg4 Kh8 26. c4 Bxb2 27. Rxb2 Bxc4 28. Qf3 Ba6 29. Rc2 Bb7 30. g4 d4 31. Qf4 a5 32. Be4 Nd7 0-1

[Event "RE-2020-0-00223"]
[Site "LSS email"]
[Date "2020.09.25"]
[Round "?"]
[White "Senis, Enrico"]
[Black "Shim Ng Min, Francis"]
[Result "1-0"]
[WhiteElo "1349"]
[BlackElo "1184"]
[PlyCount "49"]
[EventDate "2020.05.02"]
[EventType "tourn (corr)"]
[EventRounds "6"]
[EventCountry "GER"]
[SourceTitle "Corr 2022"]
[Source "ChessBase"]
[SourceDate "2021.10.24"]
[SourceVersion "1"]
[SourceVersionDate "2021.10.24"]
[SourceQuality "1"]

1. e4 c5 2. Nf3 d6 3. d4 cxd4 4. Nxd4 Nf6 5. Nc3 a6 6. Be3 e5 7. Nb3 Be6 8. f3 h5 9. Qd2 Nc6 10. 0-0-0 Be7 11. Kb1 Qc7 12. Nd5 Bxd5 13. exd5 Nb8 14. Rg1 Nbd7 15. g4 hxg4 16. fxg4 Ne4 17. Qg2 Nec5 18. Qf2 Nxb3 19. cxb3 Rc8 20. g5 g6 21. Bd3 Nc5 22. Bc2 a5 23. Rgf1 Rf8 24. h4 Bd8 25. Bxg6 1-0

[Event "FICGS rapid C 000244 email"]
[Site "FICGS email"]
[Date "2020.08.27"]
[Round "1"]
[White "Senis, Enrico"]
[Black "Benone, Mateia"]
[Result "0-1"]
[WhiteElo "1681"]
[BlackElo "1623"]
[PlyCount "62"]
[EventDate "2020.??.??"]
[EventType "tourn (rapid)"]
[EventRounds "4"]
[SourceTitle "Corr 2022"]
[Source "ChessBase"]
[SourceDate "2021.10.24"]
[SourceVersion "1"]
[SourceVersionDate "2021.10.24"]
[SourceQuality "1"]

1. d4 d5 2. Nc3 Nf6 3. Bg5 e6 4. e4 dxe4 5. Nxe4 Be7 6. Nxf6+ Bxf6 7. Bxf6 Qxf6 8. Nf3 0-0 9. Bd3 Nc6 10. c3 Ne7 11. 0-0 Bd7 12. Qc2 h6 13. Rae1 Bc6 14. Ne5 Rad8 15. Re3 Bd5 16. c4 Bc6 17. Nxc6 Nxc6 18. Rf3 Nxd4 19. Rxf6 Nxc2 20. Rf3 Nd4 21. Re3 Rd7 22. b3 Rfd8 23. Be4 c5 24. f4 f5 25. Bb1 Kf7 26. Kf2 Nc6 27. Rfe1 Rd2+ 28. Kf3 Nd4+ 29. Kg3 g5 30. fxg5 hxg5 31. h3 f4+ 0-1

[Event "LSS No Engine Cup 204 Preliminary 0"]
[Site "LSS email"]
[Date "2020.06.05"]
[Round "?"]
[White "Senis, Enrico"]
[Black "Molina, Vicente Andres"]
[Result "1-0"]
[WhiteElo "1332"]
[BlackElo "1017"]
[PlyCount "55"]
[EventDate "2020.06.05"]
[EventType "tourn (corr)"]
[EventRounds "6"]
[EventCountry "GER"]
[SourceTitle "Corr 2022"]
[Source "ChessBase"]
[SourceDate "2021.10.24"]
[SourceVersion "1"]
[SourceVersionDate "2021.10.24"]
[SourceQuality "1"]

1. e4 g6 2. d4 Bg7 3. Nf3 c5 4. d5 d6 5. Bc4 Bg4 6. c3 Nf6 7. Nbd2 0-0 8. 0-0 Nbd7 9. h3 Bxf3 10. Qxf3 Re8 11. Re1 e6 12. Nf1 exd5 13. Bd3 dxe4 14. Bxe4 Nxe4 15. Rxe4 Ne5 16. Qe2 Qf6 17. Nh2 Rab8 18. f4 d5 19. Rxe5 Rxe5 20. fxe5 Qxe5 21. Qxe5 Bxe5 22. Nf3 Bd6 23. Be3 Re8 24. Re1 d4 25. cxd4 cxd4 26. Bxd4 Rxe1+ 27. Nxe1 a6 28. b3 1-0

[Event "LSS No Engine Cup 204 Preliminary 0"]
[Site "LSS email"]
[Date "2020.06.05"]
[Round "?"]
[White "Senis, Enrico"]
[Black "Neumann, Otto"]
[Result "1-0"]
[WhiteElo "1332"]
[BlackElo "1226"]
[PlyCount "75"]
[EventDate "2020.06.05"]
[EventType "tourn (corr)"]
[EventRounds "6"]
[EventCountry "GER"]
[SourceTitle "Corr 2022"]
[Source "ChessBase"]
[SourceDate "2021.10.24"]
[SourceVersion "1"]
[SourceVersionDate "2021.10.24"]
[SourceQuality "1"]

1. e4 c6 2. d4 d5 3. e5 Bf5 4. g4 Bg6 5. Ne2 h6 6. Nbc3 e6 7. Be3 Bb4 8. Qd2 Ne7 9. Nf4 Bh7 10. Bd3 Bxd3 11. Nxd3 Ba5 12. 0-0-0 Nd7 13. h4 Ng6 14. h5 Nh4 15. Ne1 Nf8 16. f3 g5 17. Bf2 Qe7 18. a3 f5 19. Bxh4 gxh4 20. Nd3 fxg4 21. fxg4 Bxc3 22. Qxc3 Qg5+ 23. Kb1 Qxg4 24. Rdg1 Qxh5 25. Nf4 Qf7 26. Qe3 0-0-0 27. Rxh4 Nd7 28. Ng6 Rh7 29. Rxh6 Rg7 30. Qh3 Rdg8 31. Rf1 Qe8 32. Nf4 Nf8 33. Nxe6 Nxe6 34. Rxe6 Qd7 35. Qh6 Qc7 36. Ref6 Qa5 37. Rf8+ Kc7 38. Rxg8 1-0

[Event "LSS No Engine Cup 202 Preliminary 0"]
[Site "LSS email"]
[Date "2020.04.04"]
[Round "?"]
[White "Senis, Enrico"]
[Black "Kolanek, Sylwia"]
[Result "0-1"]
[WhiteElo "1326"]
[BlackElo "1924"]
[PlyCount "52"]
[EventDate "2020.04.04"]
[EventType "tourn (corr)"]
[EventRounds "6"]
[EventCountry "GER"]
[SourceTitle "Corr 2022"]
[Source "ChessBase"]
[SourceDate "2021.10.24"]
[SourceVersion "1"]
[SourceVersionDate "2021.10.24"]
[SourceQuality "1"]

1. d4 Nf6 2. c4 e6 3. Nf3 d5 4. Bg5 dxc4 5. Nc3 a6 6. a4 Nc6 7. e3 Na5 8. Nd2 Qd6 9. Nxc4 Nxc4 10. Bxc4 Qc6 11. Bf1 Nd5 12. Rc1 Nxc3 13. bxc3 Ba3 14. Rc2 e5 15. d5 Qxa4 16. Be2 Bc5 17. 0-0 h6 18. Bh4 Qxh4 19. Qa1 Qg5 20. Bf3 0-0 21. Qa5 Bd6 22. c4 e4 23. Bxe4 Qe5 24. f3 Qxh2+ 25. Kf2 Bg3+ 26. Ke2 Qxg2+ 0-1

[Event "SE-2020-0-00310"]
[Site "LSS email"]
[Date "2020.02.09"]
[Round "?"]
[White "Lonyuk, Bohdan"]
[Black "Senis, Enrico"]
[Result "1/2-1/2"]
[WhiteElo "1216"]
[BlackElo "1362"]
[PlyCount "101"]
[EventDate "2019.12.10"]
[EventType "tourn (corr)"]
[EventRounds "6"]
[EventCountry "GER"]
[SourceTitle "Corr 2022"]
[Source "ChessBase"]
[SourceDate "2021.10.24"]
[SourceVersion "1"]
[SourceVersionDate "2021.10.24"]
[SourceQuality "1"]

1. e4 c6 2. d4 d5 3. Nc3 dxe4 4. Nxe4 Bf5 5. Qf3 e6 6. Ne2 Nd7 7. N2g3 Bg6 8. h4 h6 9. Bd3 Ngf6 10. c3 Nxe4 11. Bxe4 Bxe4 12. Nxe4 Be7 13. Qg3 Rg8 14. Bxh6 Nf6 15. Nxf6+ Bxf6 16. Bf4 Qd7 17. 0-0-0 Qd5 18. Kb1 b5 19. Bb8 Ke7 20. Qc7+ Qd7 21. Qxd7+ Kxd7 22. Be5 Be7 23. g4 a5 24. h5 f6 25. Bg3 Rad8 26. h6 gxh6 27. Rxh6 Rxg4 28. Rh7 Ke8 29. Bc7 Ra8 30. Rh8+ Bf8 31. Bd6 Kf7 32. Bxf8 Rxf8 33. Rh7+ Rg7 34. Rh6 Rg6 35. Rdh1 Rfg8 36. Rh7+ R6g7 37. Kc2 Rxh7 38. Rxh7+ Rg7 39. Rh2 f5 40. Kd3 f4 41. Ke4 Rg1 42. f3 Ra1 43. a3 Re1+ 44. Kxf4 Ke7 45. Rc2 Kd6 46. Kg3 Kd5 47. Kf2 Rh1 48. Kg2 Re1 49. Kf2 Rh1 50. Kg2 Re1 51. Kf2 1/2-1/2

[Event "SE-2020-0-00309"]
[Site "LSS email"]
[Date "2020.01.30"]
[Round "?"]
[White "Raines, David T"]
[Black "Senis, Enrico"]
[Result "1-0"]
[WhiteElo "1272"]
[BlackElo "1362"]
[PlyCount "65"]
[EventDate "2019.11.07"]
[EventType "tourn (corr)"]
[EventRounds "6"]
[EventCountry "GER"]
[SourceTitle "Corr 2022"]
[Source "ChessBase"]
[SourceDate "2021.10.24"]
[SourceVersion "1"]
[SourceVersionDate "2021.10.24"]
[SourceQuality "1"]

1. d4 d5 2. Bf4 Nf6 3. e3 e6 4. c3 Be7 5. Nd2 Nbd7 6. Bd3 c5 7. h3 c4 8. Bc2 h6 9. Ngf3 Nf8 10. Ne5 N8d7 11. 0-0 0-0 12. a4 Re8 13. e4 Nf8 14. Bh2 N8d7 15. exd5 Nxd5 16. Ndxc4 N7f6 17. Ne3 Nd7 18. Qd3 N7f6 19. N3g4 b6 20. Nxf6+ Nxf6 21. Ng4 Kf8 22. Nxf6 Bxf6 23. Rfe1 g6 24. Qf3 Rb8 25. Bxb8 Bg7 26. Be5 Kg8 27. Bxg7 Kxg7 28. Bd3 Qc7 29. Bb5 Rf8 30. h4 Bb7 31. Qg3 Qxg3 32. fxg3 a6 33. Be2 1-0

[Event "SE-2020-0-00309"]
[Site "LSS email"]
[Date "2020.01.29"]
[Round "?"]
[White "Wilshusen, Horst"]
[Black "Senis, Enrico"]
[Result "1-0"]
[WhiteElo "1191"]
[BlackElo "1362"]
[PlyCount "73"]
[EventDate "2019.11.07"]
[EventType "tourn (corr)"]
[EventRounds "6"]
[EventCountry "GER"]
[SourceTitle "Corr 2022"]
[Source "ChessBase"]
[SourceDate "2021.10.24"]
[SourceVersion "1"]
[SourceVersionDate "2021.10.24"]
[SourceQuality "1"]

1. e4 c6 2. d4 d5 3. e5 Bf5 4. h4 h5 5. Ne2 e6 6. Ng3 Bg6 7. Nd2 Nd7 8. Nf3 Ne7 9. c3 Nf5 10. Nxf5 Bxf5 11. Bd3 Bxd3 12. Qxd3 Be7 13. Bg5 c5 14. 0-0 Rc8 15. Rfc1 0-0 16. Qd1 f6 17. exf6 Nxf6 18. Ne5 Qe8 19. Qe2 Ne4 20. Bxe7 Qxe7 21. Ng6 Qf6 22. Nxf8 Rxf8 23. dxc5 Qxh4 24. Rf1 Rf6 25. Rad1 Rg6 26. Rd3 Qg5 27. f4 Qf5 28. Rff3 h4 29. Qe1 Qg4 30. Rf2 Nxf2 31. Qxf2 h3 32. g3 Rf6 33. Re3 g5 34. Kh2 Kf7 35. Qc2 gxf4 36. Qh7+ Kf8 37. Qh8+ 1-0

[Event "FICGS no engines 00 email"]
[Site "FICGS email"]
[Date "2019.09.13"]
[Round "1"]
[White "Senis, Enrico"]
[Black "Niglio, Biagio"]
[Result "1-0"]
[WhiteElo "1705"]
[BlackElo "1458"]
[PlyCount "39"]
[EventDate "2019.??.??"]
[EventType "swiss (corr)"]
[EventRounds "1"]
[SourceTitle "Corr 2022"]
[Source "ChessBase"]
[SourceDate "2021.10.24"]
[SourceVersion "1"]
[SourceVersionDate "2021.10.24"]
[SourceQuality "1"]

1. e4 c6 2. d4 d5 3. Nc3 dxe4 4. Nxe4 Bf5 5. Ng3 Bg6 6. Nf3 Nd7 7. Bd3 Bxd3 8. Qxd3 Ngf6 9. 0-0 e6 10. Bg5 Be7 11. Rad1 0-0 12. c3 h6 13. Bd2 Qb6 14. b3 Rad8 15. Be3 Qc7 16. Rfe1 c5 17. Qc2 cxd4 18. Bxd4 Bc5 19. Ne4 Bxd4 20. Nxd4 1-0

[Event "FICGS W-ch st1 g02 email"]
[Site "FICGS email"]
[Date "2019.07.01"]
[Round "1"]
[White "Faust, Dieter"]
[Black "Senis, Enrico"]
[Result "1-0"]
[WhiteElo "2015"]
[BlackElo "1766"]
[PlyCount "71"]
[EventDate "2019.??.??"]
[EventType "tourn (corr)"]
[EventRounds "8"]
[SourceTitle "Corr 2022"]
[Source "ChessBase"]
[SourceDate "2021.10.24"]
[SourceVersion "1"]
[SourceVersionDate "2021.10.24"]
[SourceQuality "1"]

1. c4 Nf6 2. g3 g6 3. Bg2 Bg7 4. Nf3 d6 5. 0-0 0-0 6. d4 Nbd7 7. Nc3 c6 8. b3 Nb6 9. e4 Qc7 10. Qe2 e5 11. dxe5 dxe5 12. Be3 Bg4 13. h3 Bd7 14. Rad1 Rad8 15. Bc5 Rfe8 16. Bd6 Qc8 17. Kh2 Nh5 18. Qb2 Be6 19. Qa3 a6 20. Bxe5 Bf8 21. c5 Nd7 22. Bd6 Ng7 23. Rfe1 b5 24. cxb6 Nxb6 25. Bxf8 Rxf8 26. Qa5 Nd7 27. Re2 Qb7 28. Red2 Nh5 29. Ng5 Nhf6 30. e5 Nd5 31. Nxd5 cxd5 32. Bxd5 Bxd5 33. Qxd5 Qc7 34. e6 Nf6 35. exf7+ Kg7 36. Ne6+ 1-0

[Event "FICGS W-ch st1 g02 email"]
[Site "FICGS email"]
[Date "2019.07.01"]
[Round "1"]
[White "Senis, Enrico"]
[Black "Corolin, Mitch"]
[Result "0-1"]
[WhiteElo "1766"]
[BlackElo "1295"]
[PlyCount "52"]
[EventDate "2019.??.??"]
[EventType "tourn (corr)"]
[EventRounds "8"]
[SourceTitle "Corr 2022"]
[Source "ChessBase"]
[SourceDate "2021.10.24"]
[SourceVersion "1"]
[SourceVersionDate "2021.10.24"]
[SourceQuality "1"]

1. e4 e6 2. d4 d5 3. Nc3 Bb4 4. Bd2 Bxc3 5. Bxc3 dxe4 6. Bb5+ Bd7 7. Bc4 Nf6 8. Ne2 Nd5 9. Bd2 Nc6 10. c3 Na5 11. Bb3 Nxb3 12. Qxb3 Bc6 13. 0-0 g5 14. Ng3 Nb6 15. Qc2 f5 16. Qb3 Qf6 17. Rad1 0-0-0 18. Nh5 Qg6 19. Ng3 f4 20. Ne2 h5 21. c4 f3 22. gxf3 exf3 23. Nc3 Qf5 24. Kh1 Rxd4 25. c5 Rh4 26. Rg1 Qh3 0-1

[Event "FICGS class C 000265 email"]
[Site "FICGS email"]
[Date "2018.12.25"]
[Round "1"]
[White "Senis, Enrico"]
[Black "Csoma, Robert"]
[Result "1-0"]
[WhiteElo "1682"]
[BlackElo "1640"]
[PlyCount "47"]
[EventDate "2018.??.??"]
[EventType "tourn (corr)"]
[EventRounds "1"]
[SourceTitle "Corr 2022"]
[Source "ChessBase"]
[SourceDate "2021.10.24"]
[SourceVersion "1"]
[SourceVersionDate "2021.10.24"]
[SourceQuality "1"]

1. e4 c5 2. Nf3 d6 3. Bb5+ Bd7 4. Bxd7+ Qxd7 5. 0-0 Nf6 6. Re1 e5 7. c3 Be7 8. d4 exd4 9. cxd4 0-0 10. Nc3 a6 11. Bg5 h6 12. Bh4 b5 13. dxc5 g5 14. Nxg5 hxg5 15. Bxg5 dxc5 16. Qf3 Nh7 17. Bh6 Kh8 18. Bxf8 Bxf8 19. Rad1 Qe8 20. Nd5 Ra7 21. Nf6 Nxf6 22. Qxf6+ Bg7 23. Qh4+ Kg8 24. Rd8 1-0

[Event "FICGS class C 000265 email"]
[Site "FICGS email"]
[Date "2018.12.25"]
[Round "1"]
[White "Senis, Enrico"]
[Black "Pech, Jaroslav Sr"]
[Result "1-0"]
[WhiteElo "1682"]
[BlackElo "1614"]
[PlyCount "39"]
[EventDate "2018.??.??"]
[EventType "tourn (corr)"]
[EventRounds "1"]
[SourceTitle "Corr 2022"]
[Source "ChessBase"]
[SourceDate "2021.10.24"]
[SourceVersion "1"]
[SourceVersionDate "2021.10.24"]
[SourceQuality "1"]

1. e4 c5 2. Nf3 d6 3. Bb5+ Bd7 4. Bxd7+ Qxd7 5. c4 Nc6 6. Nc3 Nf6 7. 0-0 g6 8. d4 cxd4 9. Nxd4 Bg7 10. Nde2 0-0 11. f3 a6 12. Be3 Ne5 13. b3 b5 14. Nd5 Qb7 15. Rc1 bxc4 16. bxc4 Rab8 17. Rb1 Qd7 18. Nb6 Qc7 19. a4 Rb7 20. a5 1-0

[Event "FICGS W-ch st1 g09 email"]
[Site "FICGS email"]
[Date "2018.03.23"]
[Round "1"]
[White "Helmer, Janos"]
[Black "Senis, Enrico"]
[Result "1-0"]
[WhiteElo "2058"]
[BlackElo "1674"]
[PlyCount "65"]
[EventDate "2018.??.??"]
[EventType "tourn (corr)"]
[EventRounds "8"]
[SourceTitle "Corr 2022"]
[Source "ChessBase"]
[SourceDate "2021.10.24"]
[SourceVersion "1"]
[SourceVersionDate "2021.10.24"]
[SourceQuality "1"]

1. Nf3 Nf6 2. c4 g6 3. Nc3 Bg7 4. d4 d6 5. e4 0-0 6. Be2 c5 7. d5 e5 8. 0-0 a6 9. Ne1 Nbd7 10. Be3 Nb6 11. a4 Bd7 12. a5 Nc8 13. Qb1 Ne7 14. b4 Qc7 15. bxc5 Nc8 16. Qb4 dxc5 17. Bxc5 Re8 18. Nd3 Bf8 19. Bxf8 Rxf8 20. c5 Bb5 21. d6 Qd7 22. Nxe5 Qe8 23. Bxb5 axb5 24. f4 Na7 25. a6 bxa6 26. Rxa6 Qc8 27. Rfa1 Qb7 28. Rb6 Qc8 29. Ra5 Nd7 30. Nxd7 Qxd7 31. Nd5 Nc6 32. Rxc6 Qxc6 33. Ne7+ 1-0

[Event "FICGS W-ch st1 g09 email"]
[Site "FICGS email"]
[Date "2018.03.23"]
[Round "1"]
[White "Leurette, Marc Antoine"]
[Black "Senis, Enrico"]
[Result "1/2-1/2"]
[WhiteElo "1082"]
[BlackElo "1674"]
[PlyCount "102"]
[EventDate "2018.??.??"]
[EventType "tourn (corr)"]
[EventRounds "8"]
[SourceTitle "Corr 2022"]
[Source "ChessBase"]
[SourceDate "2021.10.24"]
[SourceVersion "1"]
[SourceVersionDate "2021.10.24"]
[SourceQuality "1"]

1. e4 c6 2. d4 d5 3. exd5 cxd5 4. Nf3 Nf6 5. Bb5+ Nbd7 6. 0-0 e6 7. Bg5 Be7 8. Nc3 0-0 9. Bxd7 Bxd7 10. Ne5 Bc8 11. a3 a6 12. b4 b5 13. Nc6 Qc7 14. Nxe7+ Qxe7 15. Qf3 Bd7 16. Ne2 h6 17. Bxf6 Qxf6 18. Qxf6 gxf6 19. Ng3 e5 20. c3 Rac8 21. Rac1 Kh7 22. Rfd1 Rg8 23. Rd3 e4 24. Re3 f5 25. f4 Rg4 26. Nh5 Kg6 27. h3 Kxh5 28. hxg4+ fxg4 29. g3 Kg6 30. Kf2 h5 31. Ree1 f5 32. Ke2 Be6 33. Kd2 Rh8 34. Rh1 Bf7 35. Rh2 Kf6 36. Ke3 Ke6 37. Rcc2 Kd6 38. Rh4 Ke6 39. Rhh2 Rh7 40. Ra2 Be8 41. Rh4 Bg6 42. a4 Be8 43. a5 Rc7 44. Ra3 Bg6 45. Rh1 Kf6 46. Rc1 Rc4 47. Rh1 Rc8 48. Rh4 Bf7 49. Rb3 Bg6 50. Ra3 Rc6 51. Rb3 Rc4 1/2-1/2

[Event "FICGS no engines 00 email"]
[Site "FICGS email"]
[Date "2017.12.19"]
[Round "1"]
[White "Senis, Enrico"]
[Black "Foster, Duncan"]
[Result "0-1"]
[WhiteElo "1800"]
[BlackElo "1703"]
[PlyCount "34"]
[EventDate "2017.??.??"]
[EventType "swiss (corr)"]
[EventRounds "1"]
[SourceTitle "Corr 2022"]
[Source "ChessBase"]
[SourceDate "2021.10.24"]
[SourceVersion "1"]
[SourceVersionDate "2021.10.24"]
[SourceQuality "1"]

1. d4 f5 2. g3 g6 3. Bg2 Bg7 4. Nf3 d6 5. c4 Nf6 6. Nc3 0-0 7. 0-0 Qe8 8. Re1 Qf7 9. b3 Ne4 10. Nb5 Na6 11. Qc2 c6 12. Nc3 Nb4 13. Qb2 c5 14. Ng5 Nxg5 15. Bxg5 Bxd4 16. e3 Bg7 17. a3 Nd3 0-1

[Event "FICGS no engines 00 email"]
[Site "FICGS email"]
[Date "2017.12.19"]
[Round "1"]
[White "Senis, Enrico"]
[Black "Niglio, Biagio"]
[Result "1-0"]
[WhiteElo "1800"]
[BlackElo "1305"]
[PlyCount "43"]
[EventDate "2017.??.??"]
[EventType "swiss (corr)"]
[EventRounds "1"]
[SourceTitle "Corr 2022"]
[Source "ChessBase"]
[SourceDate "2021.10.24"]
[SourceVersion "1"]
[SourceVersionDate "2021.10.24"]
[SourceQuality "1"]

1. e4 d6 2. Nc3 Nf6 3. d3 Nbd7 4. Be3 c6 5. Nf3 e5 6. Be2 Be7 7. 0-0 0-0 8. Qd2 d5 9. exd5 cxd5 10. Bg5 d4 11. Bxf6 Nxf6 12. Ne4 Nxe4 13. dxe4 Qd6 14. Rad1 Qf6 15. a3 Be6 16. h3 Rac8 17. Nh2 Bc4 18. Ng4 Qe6 19. Bd3 h5 20. Nh2 Bxd3 21. cxd3 Rc6 22. Rc1 1-0

[Event "FICGS no engines 00 email"]
[Site "FICGS email"]
[Date "2017.12.19"]
[Round "1"]
[White "Vollmer, Steve"]
[Black "Senis, Enrico"]
[Result "1-0"]
[WhiteElo "1539"]
[BlackElo "1800"]
[PlyCount "31"]
[EventDate "2017.??.??"]
[EventType "swiss (corr)"]
[EventRounds "1"]
[SourceTitle "Corr 2022"]
[Source "ChessBase"]
[SourceDate "2021.10.24"]
[SourceVersion "1"]
[SourceVersionDate "2021.10.24"]
[SourceQuality "1"]

1. d4 d5 2. c4 e6 3. Nf3 Nf6 4. Nc3 Nbd7 5. Bg5 Be7 6. e3 c6 7. Bd3 dxc4 8. Bxc4 0-0 9. 0-0 b5 10. Bd3 Bb7 11. Qe2 a5 12. e4 h6 13. Bd2 Ba6 14. e5 Nd5 15. Qe4 Nb4 16. Qh7# 1-0